LEADER 01826nam 2200493I 450 001 9910704440803321 005 20150904141735.0 035 $a(CKB)5470000002441288 035 $a(OCoLC)919976347 035 $a(EXLCZ)995470000002441288 100 $a20150904j201209 ua 0 101 0 $aeng 135 $aurcn||||||||| 181 $ctxt$2rdacontent 182 $cc$2rdamedia 183 $acr$2rdacarrier 200 00$aMaterials Research in Microgravity 2012 /$fR. Hyers, editor [and six others] ; M. SanSoucie, compiler 210 1$aHuntsville, Alabama :$cNational Aeronautics and Space Administration, Marshall Space Flight Center,$dSeptember 2012. 215 $a1 online resource (v, 200 pages) $ccolor illustrations 225 1 $aNASA/CP ;$v2012-217466 300 $aTitle from title screen (viewed Sept. 4, 2015). 300 $a"September 2012." 300 $a"Proceedings of a symposium held at the 141st TMS 2012 Annual Meeting and Exhibition, Orlando, Florida, March 11-15, 2012." 320 $aIncludes bibliographical references. 606 $aGravitational effects$2nasat 606 $aMicrogravity$2nasat 606 $aLow gravity manufacturing$2nasat 606 $aMaterials science$2nasat 606 $aThermophysical properties$2nasat 615 7$aGravitational effects. 615 7$aMicrogravity. 615 7$aLow gravity manufacturing. 615 7$aMaterials science. 615 7$aThermophysical properties. 702 $aHyers$b R. 702 $aSanSoucie$b M. 712 02$aGeorge C. Marshall Space Flight Center, 712 02$aUnited States.$bNational Aeronautics and Space Administration, 801 0$bGPO 801 1$bGPO 906 $aBOOK 912 $a9910704440803321 996 $aMaterials Research in Microgravity 2012$93346322 997 $aUNINA